Click to Translate - Danish - Statistics

General Stats
  • This quiz has been taken 6,547 times
  • The average score is 14 of 20
Answer Stats
Hint Answer % Correct
Danish Dansk
97%
Football Fodbold
95%
Day Dag
94%
Snow Sne
91%
Me Mig
88%
Moon Måne
87%
Think Tænke
84%
Bottle Flaske
79%
Shop Butik
72%
Twenty Tyve
72%
Bird Fugl
70%
Picture Billede
68%
What Hvad
67%
Road Vej
59%
Pink Lyserød
57%
Fire Brand
54%
Between Mellem
50%
Sea Hav
48%
Hill Bakke
46%
Very Meget
43%
No matching quizzes found
Score Distribution
Percent of People with Each Score
Percentile by Number Answered
Your Score History
You have not taken this quiz